000
00219nam a22000857a 4500
008
160718b xxu||||| |||| 00| 0 eng d
100
_9
2989
_a
Bay, M
245
_a
Easy Way to Guitar - A
260
_a
Mel Bay Publication
_c
1973
999
_c
2552
_d
2552